000
00237nam a2200097Ia 4500
008
220204s9999 xx 000 0 und d
082
_a
058(4)
_b
EUR.2
245
0
_a
Europa yearbook. 1977. V 2
260
_a
London
_b
Europa
_c
1977
942
_c
BK
999
_c
25740
_d
25740